00555nam a2200205Ia 4500008004100000041001200041082001200053100001700065245003800082260004800120300000800168365000800176520001300184520003800197546001200235630003800247650001300285655001300298730003800311101110s9999 xx 000 0 und d aENGLISH bSR34568 aKoneru Aruna aProfessional communication BSc IT c2010bTata McGraw Hill Education, New Delhi a500 b210 aComputer aTransfer to IT Dept., dt. 10/8/10 aENGLISH aProfessional communication BSc IT aComputer aComputer aProfessional communication BSc IT